Narrated TV Show Intros Quiz Stats

 Plays Quiz Updated Jul 2, 2018

Score 0/20 Timer 06:00
0 Plays Today
Intro TV Show % Correct
Space. The Final Frontier. These are the voyages of the starship, Enterprise...Star Trek
93%
In the criminal justice system, the people are represented by two separate yet equally important groups...Law and Order
80.7%
I made a list of everything bad I've ever done, and one by one I'm going to make up for all my mistakes...My Name Is Earl
70.9%
The following takes place between 7am and 8am...24
70.4%
You're traveling through another dimension - a dimension not only of sight and sound but of mind...The Twilight Zone
70.3%
Like sands through the hourglass, these are the...Days Of Our Lives
61.3%
Doctor David Banner, physician, scientist, searching for a way to tap into the hidden strengths that all humans have...The Incredible Hulk
54.4%
A fiery horse with the speed of light, a cloud of dust and a hearty Hi-Yo Silver...The Lone Ranger
51.7%
Once upon a time there were three little girls who went to the police academy...but I took them away from all that...Charlie's Angels
49.3%
If you have a problem, if no one else can help, and if you can find them, maybe you can hire the...The A-Team
48.7%
Intro TV Show % Correct
Gentlemen, we can rebuild him. We have the technologyThe Six Million Dollar Man
46.6%
Now the story of a wealthy family who lost everything and the one son who had no choice but to keep them all together...Arrested Development
43.2%
On November 13, Felix Unger was asked to remove himself from his place of residence. The Odd Couple
41.7%
Theorizing that one could time travel within his own lifetime, Dr. Samuel Beckett stepped into the...Quantum Leap
36.5%
What you are witnessing is real. The participants are not actors. They are actual litigants with a case pending...The People's Court
36.5%
Your one and only source into the scandalous lives of Manhattan's eliteGossip Girl
28.4%
Ladies and gentlemen: the story you are about to hear is true. Only the names have been changed to protect the innocent...Dragnet
24.7%
This is a story about two sisters, Jessica Tate and Mary Campbell. These are the Tates. And these are the Campbells, & this is...Soap
19.5%
There is nothing wrong with your television set. Do not attempt to adjust the picture...The Outer Limits
18.6%
A shadowy flight into the dangerous world of a man who does not exist...Knight Rider
7.6%

You're not logged in!

Compare scores with friends on all Sporcle quizzes.
OR
Log In

Sporcle TV

Today on Sporcle TV


Watch our educational content, quiz creation guides, and fun videos on Sporcle TV.

Show Comments

Extras

Top Quizzes Today


Score Distribution

Your Account Isn't Verified!

In order to create a playlist on Sporcle, you need to verify the email address you used during registration. Go to your Sporcle Settings to finish the process.

Report this User

Report this user for behavior that violates our Community Guidelines.

Details: